Sanat - "Huurre puita huokuileepi" - Statistics

Yleistilastot
  • Tätä visaa on pelattu 5 kertaa
  • Keskiarvotulos 38 / 43
Vastaustilastot
Vastaus % Oikein
alla
100%
hiljaa
100%
hiljaa
100%
hiljaa
100%
hiljaa
100%
huokuilee
100%
Huurre
100%
Ikkunasta
100%
katselee
100%
kukka
100%
kukka
100%
kuutamalla
100%
kuutamalla
100%
kuutamalla
100%
kuutamalla
100%
latu
100%
latu
100%
pieni
100%
piltti
100%
puita
100%
rukka
100%
suhisee
100%
suhisee
100%
suksen
100%
suksen
100%
talvitaivaan
100%
hiihtää
75%
hiihtää
75%
ikkunahan
75%
ikkunahan
75%
ilmaantuu
75%
ilmaantuu
75%
jäinen
75%
jäinen
75%
jouluenkeli
75%
jouluenkeli
75%
kulta
75%
kulta
75%
ikkunalla
50%
kaihoten
50%
katsoo
50%
kauan
50%
lapsi
50%
Ehtoja vastaavia visoja ei löytynyt
Tulosjakauma
Jokaisen tuloksen saaneiden osuus
Persentiili vastausten määrän mukaan
Tuloshistoriasi
Et ole pelannut tätä visaa